000
00234nam a22000857a 4500
008
160916b xxu||||| |||| 00| 0 eng d
100
_9
549
_a
Jaisingh.S.etal
245
_a
Environment Education-8
260
_a
New Delhi
_b
APC. Publications
_c
2009
999
_c
3206
_d
3206